00390nam a2200157Ia 4500003000400000005001700004008004100021040000700062041000800069082001600077100001800093245005200111260004500163300000900208650001500217OSt20251014114401.0250729s2005 xx 000 0 und d cAL aeng a371.26 WALT aWalton John A aTesting techniques in colleges and universities aNew DelhibCommonwealth Publishersc2005 a301p aTechnology